| 000 | 00389nam a22001577a 4500 | ||
|---|---|---|---|
| 999 |
_c1038 _d1038 |
||
| 008 | 200107b ||||| |||| 00| 0 eng d | ||
| 082 | 0 | 0 |
_a620.3 _bT585 |
| 100 |
_9186 _aTimoshenko, S. |
||
| 245 | 1 | 0 |
_aVibration problems in engineering _cby S Timoshenko |
| 250 | _a2nd | ||
| 260 |
_aLondon _bConstable _c1948 |
||
| 300 | _aix,470p. | ||
| 365 | _d37.05 | ||
| 650 | 0 | _aVibration | |
| 942 | _cBK | ||